000 00549nam a2200193Ia 4500
005 20260114185840.0
008 008 260114s9999 xx 000 0 eng d
020 _a9781472549044
037 _aEBOOK
040 _aCRL
_beng
_cCRL
041 _aeng
_2eng
084 _qCRL
100 _aStewart M. Hoover
_9875147
245 0 _aFundamentalisms and the Media
260 _bBloomsbury
_c2009
856 _uhttps://doi.org/10.5040/9781472549044?locatt=label:secondary_bloomsburyCollections
942 _cEBOOK
999 _c1474081
_d1474081